Poľovníctvo /

Uložené v:
Podrobná bibliografia
Hlavný autor: Bakoš, Alexander, 1934-
Médium: Kniha
Jazyk:Slovak
Vydané: Bratislava : PaRPRESS s.r.o., 1994.
Vydanie:1. vyd.
Témy:
ISBN: 8096711202 (brož.)
Fyzický popis: 86 s.
Tagy: Pridať tag
Žiadne tagy, Buďte prvý kto otaguje tento záznam!

MARC

LEADER 00000nam a2200000 a 4500
001 000074039
003 SVKK
005 20110907083116.0
008 990506s1994 xo e f 000 0 slo d
020 |a 8096711202 (brož.) 
040 |a SVKKK  |b slo  |c SVKKK  |e AACR2 
041 0 |a slo 
044 |a xo  |c SK 
080 |a 639.1(035)  |2 1997 
100 1 |a Bakoš, Alexander,  |d 1934- 
245 1 0 |a Poľovníctvo /  |c Alexander Bakoš. 
250 |a 1. vyd. 
260 |a Bratislava :  |b PaRPRESS s.r.o.,  |c 1994. 
300 |a 86 s. 
653 0 |a poľovníctvo  |2 SVKKKPH 
653 0 |a príručky  |2 SVKKKPH 
655 7 |a príručky  |2 SVKKKPH 
910 |a svkkk 
919 |a 80-967112-0-2 
974 |a MI  |d 19990506 
974 |a PA  |d 19990506 
974 |a PA  |d 20010430 
998 |a BK 
090 |g SCKHL  |k Sklad Pribinova 3. posch.  |a V.189878  |j 874105  |i 2720131738  |s Povinný výt.